000 00508nam a2200169Ia 4500
008 090711s9999 xx 000 0 und d
082 _b12208
100 _aबाळकराम
245 _aरिकामपणSाी कामगिरी
260 _c1937
300 _a84
600 _aबाळकराम
630 _aरिकामपणSाी कामगिरी
700 _aबाळकराम
730 _aरिकामपणSाी कामगिरी
942 _cBOOK
999 _c298436
_d298436